|
|
|
|
| LEADER |
00000nam a2200000Ia 4500 |
| 008 |
171003b1997 cr ||||| |||| 00| | spa d |
| 999 |
|
|
|c 986
|d 986
|
| 020 |
|
|
|a 9977303029
|
| 090 |
|
|
|a 04.02.01
|b 597
|
| 100 |
1 |
|
|a Sagastume Gemmell, Marco Antonio
|9 3160
|
| 245 |
1 |
3 |
|a La protección internacional de los Derechos de la Niñez /
|c Marco Antonio Sagastume Gemmell
|
| 260 |
|
|
|a San José, Costa Rica :
|b EDUCA,
|c 1997
|
| 300 |
|
|
|a 146 páginas
|
| 490 |
|
|
|a Cuadernos educativos,
|v 8
|
| 650 |
1 |
4 |
|a DERECHOS HUMANOS
|9 588
|
| 650 |
1 |
4 |
|a DERECHOS DEL NIÑO
|9 570
|
| 650 |
1 |
4 |
|a LEGISLACIÓN
|9 45
|
| 942 |
|
|
|i 00495
|h 04.02.01 597
|2 z
|c 01
|